Catálogo - Centro de Recursos para el Aprendizaje y la Investigación
Volver al Sitio - CRAI Biblioteca| 000 -CABECERA | |
|---|---|
| campo de control de longitud fija | 01370nam a22002537a 4500 |
| 001 - NÚMERO DE CONTROL | |
| campo de control | 112946 |
| 003 - IDENTIFICADOR DEL NÚMERO DE CONTROL | |
| campo de control | DR-UNIBE |
| 005 - FECHA Y HORA DE LA ÚLTIMA TRANSACCIÓN | |
| campo de control | 20251202062552.0 |
| 008 - DATOS DE LONGITUD FIJA--INFORMACIÓN GENERAL | |
| campo de control de longitud fija | 240711b2006 dr ||||| |||| 00| 0 spa d |
| 040 ## - FUENTE DE LA CATALOGACIÓN | |
| Centro catalogador/agencia de origen | BIBLIOTECA UNIBE |
| Centro/agencia transcriptor | BIBLIOTECA UNIBE |
| Normas de descripción | rda |
| Lengua de catalogación | spa |
| 041 ## - CÓDIGO DE LENGUA | |
| Código de lengua del texto/banda sonora o título independiente | spa |
| 082 ## - NÚMERO DE LA CLASIFICACIÓN DECIMAL DEWEY | |
| Número de clasificación | RD 342.7293 L937j |
| 100 10 - ENTRADA PRINCIPAL--NOMBRE DE PERSONA | |
| Nombre de persona | Luciano Pichardo, Rafael, |
| Fechas asociadas al nombre | 1939-2024 |
| Término indicativo de función/relación | autor |
| 9 (RLIN) | 30823 |
| 245 13 - MENCIÓN DE TÍTULO | |
| Título | La justicia constitucional : |
| Resto del título | el control constitucional (A) y el amparo como instrumento de protección de los derechos fundamentales (B) / |
| Mención de responsabilidad, etc. | Rafael Luciano Pichardo |
| 250 ## - MENCIÓN DE EDICIÓN | |
| Mención de edición | Primera edición |
| 260 ## - PUBLICACIÓN, DISTRIBUCIÓN, ETC. | |
| Lugar de publicación, distribución, etc. | Santo Domingo : |
| Nombre del editor, distribuidor, etc. | [Editor no identificado], |
| Fecha de publicación, distribución, etc. | 2006 |
| 300 ## - DESCRIPCIÓN FÍSICA | |
| Extensión | ix, 226 páginas : |
| Dimensiones | 21 x 14 cm |
| 505 0# - NOTA DE CONTENIDO CON FORMATO | |
| Nota de contenido con formato | Introducción |<br/>(A).<br/>El control del constitucionalismo |<br/>Elementos esenciales de los procedimientos de control de constitucionalidad |<br/>(B).<br/>El amparo como instrumento de protección de los derechos fundamentales |<br/>El procedimiento del amparo en la República Dominicana. La sentencia |<br/>Anexos |
| 650 #7 - PUNTO DE ACCESO ADICIONAL DE MATERIA--TÉRMINO DE MATERIA | |
| Fuente del encabezamiento o término | lemb |
| Término de materia o nombre geográfico como elemento de entrada | Derechos humanos |
| Subdivisión geográfica | República Dominicana |
| 9 (RLIN) | 201098 |
| 651 #7 - PUNTO DE ACCESO ADICIONAL DE MATERIA--NOMBRE GEOGRÁFICO | |
| Fuente del encabezamiento o término | lemb |
| Nombre geográfico | República Dominicana |
| Subdivisión general | Derecho constitucional |
| 9 (RLIN) | 5535 |
| 700 #0 - PUNTO DE ACCESO ADICIONAL--NOMBRE DE PERSONA | |
| Nombre de persona | Sangiovanni Tamayo, Shidarta |
| Término indicativo de función/relación | diseñador de portada |
| 9 (RLIN) | 182830 |
| 710 10 - PUNTO DE ACCESO ADICIONAL--NOMBRE DE ENTIDAD CORPORATIVA | |
| 9 (RLIN) | 154572 |
| Nombre de entidad corporativa o nombre de jurisdicción como elemento de entrada | Centro de Documentación e Información Judicial Dominicano (CENDIJD) |
| Término indicativo de función/relación | diagramador |
| -- | corrector de estilo |
| 942 ## - ELEMENTOS DE PUNTO DE ACCESO ADICIONAL (KOHA) | |
| Fuente del sistema de clasificación o colocación | Sistema de Clasificación Decimal Dewey |
| Tipo de ítem Koha | Libro (general) |
| Estado de retiro | Estado de pérdida | Fuente del sistema de clasificación o colocación | No para préstamo | Código de colección | Localización permanente | Fecha de adquisición | Total de préstamos | Signatura topográfica completa | Código de barras | Fecha visto por última vez | Número de copia | Precio válido a partir de | Tipo de ítem Koha |
|---|---|---|---|---|---|---|---|---|---|---|---|---|---|
| Disponible | Sistema de Clasificación Decimal Dewey | General - Libros dominicanos | Biblioteca Central UNIBE | 11/07/2024 | RD 342.7293 L937j | 240796 | 11/07/2024 | Ej. 1 | 11/07/2024 | Libro (general) | |||
| Disponible | Sistema de Clasificación Decimal Dewey | General - Libros dominicanos | Biblioteca Central UNIBE | 13/11/2025 | RD 342.7293 L937j | 251114 | 13/11/2025 | Ej. 2 | 13/11/2025 | Libro (general) | |||
| Disponible | Sistema de Clasificación Decimal Dewey | General - Libros dominicanos | Biblioteca Central UNIBE | 13/11/2025 | RD 342.7293 L937j | 252000 | 23/04/2026 | Ej. 3 | 13/11/2025 | Libro (general) |